000 01282nam a2200325 i 4500
003 EG-GICUC
005 20260324171543.0
008 260324s1985 ku o|||fr|||| 00| 0 ara d
040 _a EG-GICUC
_bara
_c EG-GICUC
_d EG-GICUC
_erda
041 _aara
082 0 4 _221
_a343.75
_bي ع . ج
092 0 4 _221
099 _aLaw1 10 343.75 ي ع . ج 1 ed - 1985
100 0 _aيعقوب محمد حياتي
_eمترجم.
245 1 2 _aالجرائم والعقوبات :
_bللفيلسوف الإيطالى تشيزاري بكاريا /
_cترجمة يعقوب محمد حياتي.
264 1 _aالكويت :
_bمؤسسة الكويت للتقدم العلمي - إدراة التأليف والترجمة،
_c1985.
300 _a138 صفحة ;
_c24 سم.
336 _2rda content
_atext
337 _2rda media
_aComputer
338 _2rda carrier
_aOnline Resource
504 _aيشتمل على إرجاعات ببليوجرافية.
546 _aالنص باللغة العربية
650 1 _aالقانون الجنائي
650 1 _aالمذاهب والمدارس العقابية
650 1 _aالجرائم
650 1 _aالعقوبات
856 4 0 _uhttps://fll.law.cu.edu.eg/fulltext/bks/B10-08589.pdf
905 _a43
942 _2ddc
_n0
_cBK
_e21
999 _c66632
_d66632